000 00567cab a2200193 4500
001 ABS43577
008 090401t1990 xxu||||| |||| 00| 0 eng d
035 _a(Sirsi) u42412
041 _aeng
100 _aScott, G.C.
245 2 _aA heavy burden on hospitality
260 _c1990
350 _a0
490 _aValuer (ISVA)
_v59(8) October 1990, 11-12(2)
520 _aExamines the effects of uniform business rate and revaluation on licensed premises outlining the appeals procedure.
690 _aRATING AND VALUATION
942 _n0
948 _c04/03/1997
999 _c27188
_d27188